A Haiku menagerie : (Record no. 11768)

000 -LEADER
fixed length control field 00706pam a2200229 a 4500
020 ## - INTERNATIONAL STANDARD BOOK NUMBER
ISBN 0834802481 :
040 ## - CATALOGING SOURCE
Transcribing agency DLC
082 00 - DEWEY DECIMAL CLASSIFICATION NUMBER
Classification number 895 WEA 1992 A092 Or.
245 02 - TITLE STATEMENT
Title A Haiku menagerie :
Remainder of title living creatures in poems and prints /
250 ## - EDITION STATEMENT
Edition statement 1st ed.
260 ## - PUBLICATION, DISTRIBUTION, ETC. (IMPRINT)
Place of publication New York :
Name of publisher Weatherhill,
Year of publication 1992.
300 ## - PHYSICAL DESCRIPTION
Number of Pages 115 p. :
Other physical details ill. (some col.) ;
Dimensions 21 cm.
500 ## - GENERAL NOTE
General note English and Japanese.
650 #0 - SUBJECT ADDED ENTRY--TOPICAL TERM
Topical Term Haiku
650 #0 - SUBJECT ADDED ENTRY--TOPICAL TERM
Topical Term Animals
700 1# - ADDED ENTRY--PERSONAL NAME
Personal name Addiss, Stephen,
700 1# - ADDED ENTRY--PERSONAL NAME
Personal name Yamamoto, Fumiko Y.
700 1# - ADDED ENTRY--PERSONAL NAME
Personal name Yamamoto, Akira Y.
856 42 - ELECTRONIC LOCATION AND ACCESS
Uniform Resource Identifier http://www.loc.gov/catdir/enhancements/fy0664/92018921-b.html
856 42 - ELECTRONIC LOCATION AND ACCESS
Uniform Resource Identifier http://www.loc.gov/catdir/enhancements/fy0664/92018921-d.html
942 ## - ADDED ENTRY ELEMENTS (KOHA)
Koha item type សៀវភៅភាសាអង់គ្លេស
952 ## - LOCATION AND ITEM INFORMATION (KOHA)
Withdrawn status [LOCAL, KOHA] 0
Holdings
Permanent Location Date acquired Koha item type Lost status Shelving location Barcode Current Location Full call number
Library Block A2017-08-07សៀវភៅភាសាអង់គ្លេស A099A22246Library Block A895 WEA 1992 A092 Or.
មជ្ឈមណ្ឌលឯការនៃសាកលវិទ្យាល័យភូមិន្ទកសិកម្មចំការដូង

Powered by Koha